Normal view
MARC view
- ISLAM-MALFOZAAT-E-FAQIEH-UL-UMAT
Entry Topical Term
001 - CONTROL NUMBER
- control field: 79431
003 - CONTROL NUMBER IDENTIFIER
- control field: NUST
005 - DATE AND TIME OF LATEST TRANSACTION
- control field: 20210628210437.0
008 - FIXED-LENGTH DATA ELEMENTS
- fixed length control field: 210628|| aca||aabn | a|a d
040 ## - CATALOGING SOURCE
- Original cataloging agency: NUST
- Transcribing agency: NUST
150 ## - HEADING--TOPICAL TERM
- Topical term or geographic name entry element: ISLAM-MALFOZAAT-E-FAQIEH-UL-UMAT
670 ## - SOURCE DATA FOUND
- Source citation: Work cat.: (NUST): Ghagoi, Mufti Mahmood Hassan Mufti Mahmood Hassan Ghagoi 79430, Malfozaat-e-faqieh-ul-umat, 1986
